| 000 | 00507nam a22001812 4500 | ||
|---|---|---|---|
| 001 | 0000001106 | ||
| 005 | 20151217155807.0 | ||
| 008 | 070226s xx 000 0 eng d | ||
| 040 |
_aKABU _cKABU |
||
| 050 | 0 |
_aBV3530 _b.O45 |
|
| 100 | 1 |
_aOliver, Roland. _@0000149635 |
|
| 245 | 1 | 4 |
_aThe Missionary factor in East Africa / _cRoland Oliver. |
| 260 |
_aLondon : _bLongmans, _c1952. |
||
| 300 | _axviii, 352 p. | ||
| 908 | _a070226 | ||
| 950 | _@1 | ||
| 999 |
_c12495 _d12495 |
||